[Event "Varennes 2016"]
[Site "Varennes"]
[Date "2016.10.09"]
[Round "4"]
[White "Chiku-Ratte, Olivier Kenta"]
[Black "Le Siège, Alexandre"]
[Result "1/2-1/2"]
[WhiteElo "2381"]
[BlackElo "2559"]
[Annotator "Alexandre Le Siège"]
[PlyCount "110"]
[EventDate "2016.??.??"]
[EventType "swiss"]
[EventRounds "5"]
[EventCountry "CAN"]
[SourceTitle "Chess Canada"]
[Source "CFC"]
[SourceDate "2017.10.01"]
[SourceVersion "1"]
[SourceVersionDate "2018.04.02"]
[SourceQuality "1"]

{[%mdl 32768] This was the 4th round and Kenta and I were both leading the
tournament with 3/3. Having Black, I was still in a position that a draw
wasn't really a satisfactory result. Let me explain: following a new tend, the
Varennes tournament has adopted the indivisible prize formula. What that means
is prizes can't be shared. For example, if two players win the tournament with
4.5/5, one will get the first prize of $1700 and the other one will get the
second prize of $800. What's worse is that the tiebreaker is left completely
to chance: it consists of the total of the points of your opponents in the
tournament. So, if one of your 'dogs' is having a bad tournament, it's just
too bad for you. As it turned out, I would have finished only second in the
tournament had Kenta won his last game and joined me at 4.5/5 (he would have
edged me at the finish line by a mere half a point on tie-break). Something
seems broken with the system when you don't win a weekend tournament with 4.5/
5. I think this formula has its place, but not in a 5 rounder. The organizer
has acknowledged the shortcoming of this rule and will probably revert to a
more traditional formula next year. Perhaps the non-division of prizes would
be a good thing for prizes under $100. Who likes to win $12.50 after an 8-way
split?} 1. d4 Nf6 2. c4 e6 3. Nc3 Bb4 {I have been playing the Nimzo-Indian
lately as the Queen Gambit Accepted is a little dry} 4. f3 {[#] This is
Kenta's pet line.} c5 {This is the best option if you're playing for a win.} (
4... d5 5. a3 Bxc3+ 6. bxc3 c5 7. cxd5 Nxd5 (7... exd5 8. e3 c4 $5 {is an
interesting line seen in the 2013 World Championship between Anand and Carlsen.
}) 8. dxc5 Qa5 9. e4 {is solid for Black but tends to lead to drawish position}
) (4... O-O 5. a3 $1 Bxc3+ 6. bxc3 {is another interesting option. Usually the
Saemish plan of a quick a3 is not so promising for White, but in this case,
it's completely justified by the fact that Black has castled early, thus
creating a target.}) 5. d5 O-O {The flexible approach. In my first encounter
with Kenta, I chose} (5... b5 6. e4 bxc4 7. Bxc4 {and knowing 0% theory last
year followed it up with} Bxc3+ $2 8. bxc3 $16 {(½-½, 23) Chiku Ratte,O 
(2195)-Lesiege,A (2528) Montreal, 2015.}) 6. e4 d6 {[#]} 7. Nge2 {We've
reached some kind of hybrid Snake Benoni where the bishop has reached b4
without taking the official route via d6 and c7. White has a mighty center,
but is underdeveloped. I don't think he can really hope for an advantage but
more for an interesting struggle. On the other hand, Black has to take
concrete measure otherwise he might simply end up lacking space.} (7. Bd3 {
is another option, but the bishop is exposed to a knight landing on e5.}) 7...
b5 8. Nf4 {This has all been played before, but we can't really call it
mainstream theory.} (8. Ng3 {is another approach.}) 8... exd5 9. cxd5 (9. Nfxd5
Nxd5 10. Qxd5 Qb6 $1) {[#]} 9... c4 $5 {In retrospect, I feel like this move
is too committing. After 10. a4 I will have to sacrifice a pawn. I will
definitely get compensation, but the onus will be on me to prove it with
accurate play; this is always a dangerous situation to put yourself into. I
much prefer the simpler alternative} (9... a6 {which also gives a sharp
situation, but one where I don't have to prove anything.}) 10. a4 Nbd7 {
Losing b5 but establishing a superb knight on e5.} 11. axb5 Ne5 12. Be3 {
It's important to control this diagonal.} Nfd7 $1 {[#] The bulk of my
compensation will come from controlling the dark squares after trading the
black bishops. The pawn structure resembles some kind of Benko gambit, but
with some differences: I don't have the typical pressure without the g7 bishop
and lack the usual a-file pressure. One can argue that b2 will be weak once I
regain the b5-pawn, but my a7-pawn is also vulnerable.} 13. Be2 {Taking on a7
is suicide. Some sample lines to convince ourselves :} (13. Bxa7 $2 Rxa7 $1 14.
Rxa7 Qb6 15. Ra8 Qe3+ 16. Be2 Qxf4 $19) (13. Rxa7 $2 Rxa7 14. Bxa7 Nc5 $1 {
follow by ...Qa5 White is in deep trouble.}) 13... Bc5 14. Qd2 Qb6 {[#]} 15.
Bxc5 $2 {Kenta told me after the game that he rejected the obvious 15.Kf2
because he was afraid of ...f5.} (15. Kf2 $1 Bxe3+ $1 (15... f5 $6 {is not so
convincing after} 16. Ne6 $1 f4 17. Bd4 $1 Nd3+ 18. Kf1 Bxd4 {Of course, I can
understand how this whole line could look extremely scary for White, but he's
OK after} 19. Na4 $8 $16) 16. Qxe3 Nc5 $44) 15... Nxc5 16. Qe3 {[#]} Bd7 $2 {
White's position seems in order as after} (16... Ncd3+ 17. Kd2 {everything is
defended; but here Black has an incredibly deep and unusual maneuver, yet so
simple once you see it:} Nc5 $1 {Threatening ...Nb3+ and forcing the king back}
18. Ke1 {We've now reached the same position as in the game after} Bd7 {
but the fact that White can't castle anymore changes the whole evaluation of
the position. With no safe heaven for his king, the combined pressure down the
b-file and the threat of ...f7-f5 could quickly prove decisive. For example,
after the natural} 19. Kf2 $6 f5 $1 {is decisive.}) 17. O-O {The worst is over
for White. I will regain the b-pawn, but it won't suffice for an advantage.
The rest of the game is still full of adventures, but incredibly the
evaluation will never budge from being close to 0.00.} Rfb8 18. Kh1 {[#]} Nb3 {
I would have like to keep the queens on the board and simply capture the
b-pawn, but I didn't like the fact that White's knight is ready to jump to h5:}
(18... Bxb5 19. Nh5 $1 {suddenly the threat of Qg5 followed by the advance of
the f-pawn is really annoying. Black can certainly maintain the balance, but I
wasn't going to hand the initiative to my opponent so easily.}) 19. Qxb6 Rxb6
20. Ra3 $1 {Kenta tactically defends his b5-pawn because of Rxb3.} (20. Ra6 $6
{trying to ease the pressure is more comfortable for Black after} Rxa6 21. bxa6
Rb8) 20... g6 {It's often good to preemptively prevent the back rank mate.
Besides, White can't do much for the time being.} 21. Rd1 {By preventing ...
Nd2 White is forcing my knight to retreat. In the process he will be able to
double on the a-file if he desires.} (21. Bxc4 $2 Nxc4 22. Rxb3 Nd2 $19) 21...
Nc5 22. g4 {[#] I don't like this move, even if it doesn't disturb the balance.
Weakening the kingside is a big commitment. Understandably, White wanted to
recycle his poor f4-knight via g2 and e3, but Rda1! was simpler.} Rb7 23. Ra5
Rab8 24. Ng2 Bxb5 25. Ne3 Bd7 26. Nxc4 Nxc4 27. Bxc4 Rxb2 {[#] White's
position seems to have become critical, but his next move saves him.} 28. e5 $1
(28. Rxa7 $6 Rc2 29. Ra3 Rbb2 {is no fun}) 28... Rc2 29. exd6 Rc8 30. Ra3 Na4
31. Ne4 R8xc4 32. Nf6+ Kg7 33. Nxd7 Re2 {[#] I will double of the 2nd rank,
but unfortunately the advanced d-pawn will force me to bail out with a
perpetual check.} 34. Ne5 Rcc2 35. Nd3 Rxh2+ 36. Kg1 Rcg2+ 37. Kf1 Rc2 38. Kg1
Rcg2+ 39. Kf1 Rc2 40. Kg1 Rhg2+ 41. Kh1 Nb6 42. d7 Rh2+ 43. Kg1 Rcg2+ 44. Kf1 {
[#] The final critical position of the game; I was trying to calculate if I
had some funky mating idea with my knight.} Rc2 (44... Nxd5 {White has only
one good move, but it's enough} 45. Re1 $1 (45. Ne1 $2 Rf2+ 46. Kg1 Nf4 $19)
45... Rc2 46. Kg1 Rcg2+ $11) (44... Nc4 {is also nothing special after most
knight moves defending along the third rank.}) 45. Kg1 Nxd7 46. Rxa7 {
Unfortunately, after eliminating the dangerous d7-pawn my knight has no way
back into the attack.} Rcg2+ 47. Kf1 Ra2 48. Rxa2 Rxa2 49. Nf2 f5 {[#]} 50.
gxf5 gxf5 51. Re1 Nf6 52. Re5 Kg6 53. Nh3 Ra4 54. Kf2 f4 55. Rg5+ Kf7 {An
exciting and well played draw apart from the pair of mistakes we made in the
opening.} 1/2-1/2

[Event "Pere Noel"]
[Site "Montreal"]
[Date "2016.12.27"]
[Round "2"]
[White "Beaulieu, Eric"]
[Black "Le Siège, Alexandre"]
[Result "0-1"]
[WhiteElo "2202"]
[BlackElo "2578"]
[Annotator "Alexandre Le Siège"]
[PlyCount "86"]
[EventDate "2016.12.??"]
[EventType "swiss"]
[EventRounds "5"]
[EventCountry "CAN"]
[SourceTitle "Chess Canada"]
[Source "CFC"]
[SourceDate "2017.10.01"]
[SourceVersion "1"]
[SourceVersionDate "2018.04.02"]
[SourceQuality "1"]

{[%mdl 32768] Eric is part of the wave of players who have returned to
competition after a long break. He told me he's been studying a lot of
Dvoretsky lately and really likes his book "Maneuvering: The Art of Piece
Play". And clearly, he made use of the great teacher's lessons, playing some
nice positional moves in this game. It's really a great time to be a student
of the game with so much good literature and the advancement of chess engines.
} 1. d4 d5 2. Nf3 {I don't see a good reason for this move order if White is
going to play 3.c4 next. Might as well keep more flexibility.} Nf6 3. c4 dxc4
4. e3 Bg4 {[#] It's useful to have a second-tier opening repertoire when you
need to play for the win with Black, especially in a crowded open section with
only 5 rounds. I picked up this ...Bg4 system from the book "Understanding The
Queen's Gambit Accepted" by Alexander Delchev and Semko Semkov. Magnus Carlsen
used it to almost defeat Anish Giri in the 2016 Bilbao Masters.} 5. Bxc4 e6 6.
O-O (6. Nc3 {is a crafty move order. The idea is revealed after} a6 ({or} 6...
Nbd7 7. O-O Bd6 8. h3 Bh5 9. e4 $1 e5 10. g4 Bg6 11. dxe5 Nxe5 12. Nxe5 Bxe5
13. f4 {with advantage.}) 7. h3 Bh5 8. g4 Bg6 9. Ne5 Nbd7 10. Nxg6 hxg6 11. Bf1
$1 $14 {To avoid those aforementioned lines, Black is advised to play 6...
Nc6! instead. While committing the knight so early to c6 is not ideal, it's
better once White has committed his own knight to c3.}) 6... a6 {A flexible
move. Black isn't afraid of h3, g4 since the White bishop can't drop back to
f1 anymore.} 7. b3 $5 {White shows some flexibility of his own. It's nice to
have the b1-knight able to go to c4 to rule out one of Black's main ideas: ...
e6-e5.} c5 {Reverting back to the normal QGA set-up because I was unhappy with
:} (7... Nbd7 8. Bb2 Bd6 (8... Be7 $5 {follow by c5.}) 9. Nbd2 O-O 10. Be2 Qe7
11. Nc4 $14) 8. dxc5 $1 {[#] The right decision. White will have a slightly
more pleasant endgame. My opening strategy hasn't been a great success with
the queens coming off the board so early. But I will try to turn the tide next
move with a concept employed by Carlsen in his World Championship against
Karjakin.} Nc6 $5 {I am fighting hard for the control of the d-file. The
obvious drawback is that I might have some trouble regaining the c5-pawn. See
game 7 Karjakin vs Carlsen to see this same ...Nc6 concept apply. The only
'minor' difference is that in Carlsen's case it was all preparation.} (8...
Qxd1 9. Rxd1 Bxc5 10. Bb2 Nc6 11. Nbd2 $14) 9. Ba3 $1 {White is justified in
misplacing his bishop since it's not entirely obvious how to regain the pawn.}
(9. Qxd8+ $6 {doesn't look right. And indeed after} Rxd8 10. Ba3 {Black simply
plays} Be7 $1 $11 11. Nbd2 $2 b5 $17) 9... Ne4 $2 {"Don't move the same piece
twice in the opening" applies here.} (9... Qa5 {is well met by} 10. Qd2 $1 $14
{but}) (9... Be7 $1 {with the idea to regain the pawn later gives Black a fair
chance to reach complete equality. Once again we see that general principles
are often the best policy. Getting tactical is often a dangerous commitment.})
10. Nbd2 $2 {I was relieved when Eric played this move. He missed a nice
chance to get a huge advantage with the paradoxal} (10. Qxd8+ Rxd8 11. Nd4 $1
$16 {The powerful threat f3 puts a stop to Black's ambitions; and regaining c5
doesn't solve the problems:} Nxc5 12. Nxc6 bxc6 13. Rc1 $16 {On the other hand}
) (10. Qc2 $2 Bxf3 11. gxf3 Nxc5 $13 {is fine for me.}) 10... Bxc5 11. Bb2 Nxd2
12. Qxd2 Qxd2 (12... Bxf3 13. Qxd8+ Rxd8 14. gxf3 Rd2 15. Bc3 Rc2 16. Rfc1
Rxc1+ 17. Rxc1 Ba3 18. Rd1 Ke7 {is equal as well, but offers less chance to
outplay my opponent.}) 13. Nxd2 O-O 14. Ne4 {[#] This Bg4 is a mixed blessing.
On one hand, I am thrilled to control the d1 square. On the other hand, I am
less thrilled that after Ng3 it's getting in trouble.} Ba7 $6 {Obviously the
best move is the harmonious ...Be7, but playing for a win at all cost I was
trying to force complications. After} (14... Be7 $1 {I didn't like the fact
that White can shut down my bishop with} 15. Ng3 h5 $1 16. f3 h4 17. Ne2 Bf5
18. e4 {It's not such a problem for Black, since I can eventually trade it
with the maneuver ...Bh7-g8, f6, e5, but the resulting positions appeared a
little dry to me. This is a typical plan often employed in the Slav Defense.
See the World Championship match between Kramik and Topalov for a good example
of how to deal with such a bishop.}) 15. Ng3 (15. Rfc1 $1 $14) 15... h5 $1 {
As unusual as effective.} 16. h3 h4 17. Ne4 (17. hxg4 hxg3 {is no fun for
White with my Ba7.}) 17... Bh5 18. Rfc1 $1 {A very nice positional move. The
a2 pawn is kept protected and the c4 bishop can drop back to f1.} Rfd8 $5 {
[%mdl 64] [#] Critical Position Tell you the truth, I missed both 19.Bxa6 and
19.Bf6. I was so concentrated on creating chances to avoid the draw that I
forgot that my opponent had serious threats. I was mainly analysing 19.Bf1 and
19.Ba3.} (18... Bg6 $1 {I rejected this move because after} 19. Nd6 Nb4 20.
Nxb7 $6 {I couldn't see anything better than a repetition of move after} Nc2 ({
Turned out that I had} 20... Rfb8 $1 21. Na5 Bb6 22. a3 Nc2 $15) 21. Rab1 Nb4 {
In the end White should probably play 19.Ng5.}) 19. Bxa6 $6 {Eric was more
attuned to the truth of the position than me and took a long time deciding
between the two very tempting options 19.Bxa6 and 19. Bf6. He correctly
assessed that the latter would give me nice compensation, but didn't calculate
deeply enough the game's continuation.} (19. Bf6 $1 {was still indeed the best
move} gxf6 20. Nxf6+ Kf8 21. Nxh5 Bb8 $1 22. Bf1 Be5 23. Rab1 Rd2 24. a4 Rad8 {
with decent compensation since I will swap the knight coming to f4.}) 19...
Bxe3 $1 {Before Eric played 19.Bxa6?! I had already worked out the winning
continuation that happened in the game. I went from fearing the move once I
saw it to actually hoping for it.} (19... Nb4 $2 20. Bxb7 Rab8 21. Nc5 $1 $16 {
and the hanging bishop on h5 saves White.}) 20. Bxb7 $2 {Played with tempo.
Perhaps Eric should have recalculated the whole line before committing to it;
what an extra move can do for a player's vision. It was still not too late to
bail out with:} (20. fxe3 Rxa6 21. Nc5 Ra7 22. Nxb7 Rd2 $11) 20... Bxc1 21.
Bxc1 (21. Rxc1 Rxa2 $19) 21... Rd1+ 22. Kh2 Rb8 23. Bxc6 {[#]} Rc8 {Oops,
Black regains a piece! My opponent clearly made some kind of inexperienced
tactical mistake. When you have a rook pinned on the first rank, this should
be a warning sign to calculate more deeply than usual since some unexpected
tactics often occur in those circumstances.} 24. Bb5 Rcxc1 $19 25. Rxc1 Rxc1
26. a4 {The two connected passed pawns look a little scary, but I am in time
to stop them.} Bd1 (26... Bg6 $5 27. f3 Bxe4 28. fxe4 Rb1 29. Bc4 Ra1 $19 {
is a clever way to put White in some kind of Zugzwang. The real problem with
White's position is the poor position of his king. editor - If White's K was
on e3 he'd have decent compensation, and if the K was on b4 he'd be winning.})
27. b4 (27. Bc4 Ra1 (27... Bc2 $5 28. Nc5 Bxb3 $19) 28. Nc5 Ra2 $19) {[#]}
27... Bc2 $1 (27... Rb1 $2 28. Nc3 $1 $17) 28. Nd2 (28. Nc5 Rb1 29. Na6 Be4 $19
{White can't move.}) 28... Rd1 29. Nc4 Be4 $1 30. f3 Bd5 31. Ne5 (31. Ne3 Rb1
32. Nxd5 exd5 $19) 31... Rd4 {[#] The simplest. I just had to make sure I was
in time to stop the pawn after the bishop trade.} 32. Nd3 Bc4 33. Bxc4 Rxc4 34.
b5 (34. a5 Rd4 35. b5 Rxd3 $19 {followed by putting the rook behind the most
advanced passed pawn.}) 34... Rxa4 35. b6 Ra1 36. b7 Rb1 37. Nc5 {[#] White is
pinning his hopes on some kind of geometry; the f8, e5 and f6 squares are all
mined. However, after Black's next, White will be left only with K moves.} Rb2
$1 {The cleanest, White is deprived of g4.} 38. Kg1 Kh7 39. Kf1 Kg6 40. Ke1 Kf5
41. Kd1 e5 42. Kc1 Rb6 {The rook creates an impenetrable barrier, allowing the
Black K to mop up the kingside pawns.} 43. Kd2 Kf4 {The critical moment of the
game was very strange. It seems that 19.Bxa6 should have worked under normal
circumstances, but for some concrete reasons it didn't.} 0-1